Manual for milk plant operators.

Bibliographic Details
Corporate Author: Milk Industry Foundation (U.S.)
Format: Book
Language:English
Published: Washington, [publisher not identified] ; [1949]
Subjects:

MARC

Tag First Indicator Second Indicator Subfields
LEADER 00000cam a2200000 4500
001 in00000731908
005 20151016070220.0
008 800618s1949 dcua b 00000 engec
010 |a agr49000124  
035 |a (OCoLC)06436160 
035 |9 ADE2528AM 
040 |a U.S. Dept. of Agr. Libr.  |c TXA  |d TXA  |d UtOrBLW 
049 |a TXAM  |c [263311] 
050 0 |a SF247  |b .M6 
082 0 |a 637 
092 |a 637.1  |b M644m 
110 2 |a Milk Industry Foundation (U.S.) 
245 1 0 |a Manual for milk plant operators. 
264 1 |a Washington,  |b [publisher not identified] ;  |c [1949] 
300 |a xi, 407 pages :  |b illustrations ;  |c 22 cm. 
336 |a text  |b txt  |2 rdacontent 
337 |a unmediated  |b n  |2 rdamedia 
338 |a volume  |b nc  |2 rdacarrier 
504 |a Includes "References." 
650 0 |a Milk plants. 
650 0 |a Dairying  |x Equipment and supplies. 
650 0 |a Dairying. 
740 0 |a Milk plant operators. 
999 |a MARS 
999 f f |s ec264750-4453-3097-a031-4869209f06d0  |i 52e45206-7fe7-3662-bd52-d4fc6ecff00a  |t 0 
952 f f |p ric  |a Texas A&M University  |b Rellis Campus  |c Joint Library Facility  |d Remote Storage  |t 0  |e SF247 .M6  |h Library of Congress classification  |i unmediated -- volume  |m A14830465059 
998 f f |a SF247 .M6  |t 0  |l Remote Storage